000 00629nam a2200241Ia 4500
003 OSt
005 20221005130826.0
006 a|||||r|||| 00| 0
007 ta
008 221004b |||||||| |||| 00| 0 mar d
024 _a40301
037 _cTextual
040 _aCRL
_cCRL
_bmar
041 _2mar
_amar
082 _aO155,2M851,1, K1
100 _aJoshi M.N.
_9638724
245 0 _aSangeet sthanik sawaej athva municipaliti
260 _c1951
300 _a114p.
_ccm.
650 _aMARATHI LITERATURE
_938000
942 _hO155,2M851,1, K1
_cTEXL
_2cc
999 _c1058533
_d1058533